[Event "Airthings Masters Preliminary"]
[White "Anton Guijarro,David"]
[Black "Harikrishna,Pentala"]
[Site "Online"]
[Round "3.2"]
[Annotator "TA"]
[Result "1/2-1/2"]
[Date "2020.12.23"]
[WhiteElo "2675"]
[BlackElo "2732"]
[PlyCount "89"]

1. d4 {} d5 2. c4 c6 3. Nf3 Nf6 4. Nc3 e6 5. e3 Nbd7 6. Be2 Bd6 7. 0-0 0-0 8. Qc2 dxc4 9. Bxc4 b5 10. Be2 a6 {D46: Semi-Slav: 5 e3
Nbd7 6 Bd3, Black avoids the Meran.} 11. Ng5 h6 {Recently 11...Be7 got a lot
of attention.} 12. Nge4 Be7 {[#] White has an edge.} 13. a3 $146 ({Predecessor:
} 13. Rd1 Qc7 14. Bd2 c5 15. dxc5 Nxe4 16. Nxe4 f5 17. Ng3 Qxc5 18. Qb3 Qb6 19. Ba5 {1-0 (19) Khairullin,I (2629)-Kjartansson,G (2484) Jerusalem 2015} )Bb7 14. b4 a5 15. Nxf6+ (15. Rb1 {is more complex.} axb4 16. axb4 Nd5 17. Nc5 Nxc5 18. bxc5 Qc7 19. Bd2 )Nxf6 16. Rb1 axb4 17. axb4 Nd5 18. Nxd5 exd5 19. Bd2 Bd6 20. Ra1 Qe7 21. Qb2 Rfe8 22. Bd3 Qf8 (22... Rxa1 {feels hotter.} 23. Rxa1 h5 24. Re1 Bc8 25. Qc3 Bd7 )23. Rfe1 Rxa1 24. Rxa1 Ra8 25. Ra3 Qb8 26. h3 Rxa3 27. Qxa3 Bc8 28. e4 dxe4 29. Bxe4 Bd7 30. d5 cxd5 31. Bxd5 Qe8 32. Qf3 Be6 33. Qe4 h5 (33... Qc8 {with more complications.} 34. g4 Bf8 35. Be3 Bxd5 36. Qxd5 Qc2 )34. Bxe6 (34. Qe2 {is interesting.} Bh2+ 35. Kxh2 Qb8+ 36. Kg1 Bxd5 37. Qxh5 Qd6 38. Be3 )Qxe6 {The position is equal.} 35. Qxe6 fxe6 $14 { Endgame KB-KB} 36. g4 hxg4 37. hxg4 Kf7 38. Kg2 e5 39. Kf3 Ke6 {[#] Strongly threatening ...Kd5.} 40. Ke4 g6 41. f3 Be7 42. Bc3 Bd6 43. Bd2 Be7 44. Bc3 Bd6 45. Bd2 {Weighted Error Value: White=0.05/Black=0.05} 1/2-1/2

[Event "Airthings Masters Preliminary"]
[White "Carlsen,Magnus"]
[Black "Radjabov,Teimour"]
[Site "Online"]
[Round "3.3"]
[Annotator "TA"]
[Result "1/2-1/2"]
[Date "2020.12.23"]
[WhiteElo "2862"]
[BlackElo "2765"]
[PlyCount "93"]

1. d4 {
} Nf6 2. c4 e6 3. Nf3 d5 4. Nc3 Be7 5. Bf4 0-0 6. e3 Nbd7 {6...b6 is the
modern continuation.} 7. c5 Nh5 8. Be5 {D37: Queen's Gambit Declined: 5 Bf4.} c6 9. Bd3 g6 10. h4 {Black is slightly better.} Nxe5 {[#]} 11. dxe5 $146 ({
Predecessor:} 11. Nxe5 f6 12. Nxg6 hxg6 13. Bxg6 Ng7 14. Qd2 f5 15. h5 b6 16. cxb6 axb6 17. 0-0-0 {0-1 (34) Haller,P (2205)-Betker,J (2448) ICCF email 2015} )f5 12. b4 b6 13. Na4 bxc5 14. Nxc5 Qb6 15. Rb1 a5 16. a3 axb4 17. axb4 Bxc5 18. bxc5 Qxc5 19. 0-0 Qe7 20. Ra1 Bd7 ({Better is} 20... Rb8 $15 )21. Qb3 $11 Rab8 (21... Rfd8 {is more complex.} 22. Qb7 Rab8 23. Qa7 Qf8 24. Rfb1 Ra8 )22. Qc3 Qb4 23. Qxb4 Rxb4 24. Ra7 Rd8 25. Rc1 Rbb8 26. Nd4 Ra8 27. Rb7 Rab8 28. Ba6 Rxb7 29. Bxb7 Kf7 (29... f4 $11 )30. Kf1 Rb8 {The position is equal.} 31. Bxc6 Rc8 $1 32. Ke2 Bxc6 33. Rxc6 Rxc6 34. Nxc6 { Endgame KN-KN} f4 $1 35. Nd4 h6 36. Kf3 {White wants to play e4.} fxe3 37. Kxe3 g5 38. hxg5 hxg5 39. g3 {Black should prevent Kf3.} g4 40. Kd3 (40. Nb5 {feels hotter.} Kg6 41. Nd6 Kg5 42. Kd4 Ng7 43. Kc5 )Ng7 41. Kc3 Nf5 42. Nxf5 exf5 43. Kd3 $1 Ke7 44. Ke3 Kf7 45. Kd3 Ke7 46. Ke3 Kf7 47. Kd3 {Weighted Error Value: White=0.05/
Black=0.06} 1/2-1/2

[Event "Airthings Masters Preliminary"]
[White "Giri,Anish"]
[Black "So,Wesley"]
[Site "Online"]
[Round "3.4"]
[Annotator "TA"]
[Result "0-1"]
[Date "2020.12.23"]
[WhiteElo "2764"]
[BlackElo "2770"]
[PlyCount "50"]

1. Nf3 {} d5 2. g3 Nf6 3. Bg2 e6 4. 0-0 Be7 5. c4 0-0 6. b3 c5 7. cxd5 Nxd5 8. Nc3 Nc6 9. Bb2 Nxc3 10. Bxc3 Qc7 {A14: English Opening: 1...e6 with b3 by White.} 11. Qb1 {[#]} e5 $5 $146 {
 An interesting novelty.} ({Predecessor:} 11... Rd8 12. Qb2 Bf8 13. d4 b6 14. dxc5 bxc5 15. Ne5 Bb7 16. Rac1 Nxe5 17. Bxe5 Qb6 18. Rc4 Bxg2 19. Kxg2 {
1/2-1/2 (65) Darban,M (2401)-Sandipan,C (2560) Esfahan 2005} )12. e3 f5 {
The position is equal.} 13. Rc1 Be6 14. Qb2 {} Bf6 15. Ne1 Rad8 16. d3 (16. Bxc6 $11 bxc6 17. d3 )Bd5 17. b4 Bxg2 18. Kxg2 cxb4 19. Bxb4 Rf7 20. Bc3 f4 21. exf4 exf4 22. Rab1 ({White should try} 22. d4 )Bxc3 $17 23. Qxc3 (23. Rxc3 {was necessary.} Qd7 24. Nf3 )Qd7 {Hoping for ...Nd4.} 24. Qc5 $2 {[#]} (24. Nf3 {is a better defense.} )Nd4 $19 25. Rc4 f3+ {
Weighted Error Value: White=0.32/Black=0.05} 0-1

[Event "Airthings Masters Preliminary"]
[White "Grischuk,Alexander"]
[Black "Aronian,Levon"]
[Site "Online"]
[Round "3.5"]
[Annotator "TA"]
[Result "1/2-1/2"]
[Date "2020.12.23"]
[WhiteElo "2777"]
[BlackElo "2781"]
[PlyCount "36"]

1. e4 {} e5 2. Nf3 Nc6 3. Bc4 Bc5 4. c3 Nf6 5. d3 d6 6. 0-0 0-0 7. Re1 $1 {
 now scores much better than the old 7.Bb3.} a5 {C54: Giuoco Piano: 4
c3 Nf6, main lines with 5 d4 and 5 d3.} 8. Bb3 {[#]} Kh8 $146 ({Predecessor:} 8... h6 9. Nbd2 Be6 10. Ba4 Ng4 11. Re2 f5 12. h3 Nf6 13. Bb3 Bxb3 14. Qxb3+ Kh7 15. exf5 {1-0 (32) Karjakin,S (2752)-Sjugirov,S (2675) chess.com INT 2020} )9. h3 h6 {White is slightly better.} 10. Nbd2 g5 {next ...g4 is good for Black.
} 11. Nf1 g4 12. hxg4 (12. Bxh6 $16 gxf3 13. Qxf3 )Nxg4 $11 13. Be3 Nxe3 {The position is equal.} 14. Nxe3 ({Reject} 14. fxe3 f5 $15 )Qf6 $1 15. Nh2 Qg6 16. Nf3 Qf6 17. Nh2 Qg6 18. Nf3 Qf6 {Weighted Error Value: White=0.16/
Black=0.09} 1/2-1/2

[Event "Airthings Masters Preliminary"]
[White "Nakamura,Hikaru"]
[Black "Nepomniachtchi,Ian"]
[Site "Online"]
[Round "3.6"]
[Annotator "TA"]
[Result "1/2-1/2"]
[Date "2020.12.23"]
[WhiteElo "2736"]
[BlackElo "2784"]
[PlyCount "79"]

1. e4 {} c5 2. Nf3 d6 3. Bb5+ Nd7 4. c4 (4. Ba4 Ngf6 5. d3 g6 6. 0-0 Bg7 7. c3 0-0 8. Re1 a6 9. d4 b5 10. Bc2 Bb7 11. Nbd2 Rc8 12. Nf1 cxd4 13. cxd4 Qc7 14. Bd3 e5 15. d5 Nc5 16. Bc2 Nh5 17. Be3 {1/2-1/2 (72) Nakamura,H (2736)-Nepomniachtchi,I (2784) chess.com INT 2020} )e5 5. 0-0 g6 {[#]} 6. b4 $146 {B51: Sicilian: Moscow Variation (3 Bb5+)
without 3...Bd7.} ({Predecessor:} 6. d3 Bg7 7. Nc3 Ne7 8. Bg5 f6 9. Bxd7+ Bxd7 10. Be3 0-0 11. Ne1 Nc6 12. Qd2 {0-1 (46) Voigt,G (2174)-Reddmann,H (2275)
Hamburg 2018} )b6 7. bxc5 bxc5 8. d3 {White is better.} Bg7 9. Nc3 Ne7 10. Nd5 0-0 11. Rb1 Nb6 12. Nxe7+ (12. Bg5 {keeps more tension.} f6 13. Bd2 Rb8 14. Rb3 Bd7 15. Qc2 )Qxe7 13. a4 {} Rb8 (13... a6 $5 {} 14. Bc6 Rb8 $11 )14. a5 Na8 15. Bg5 f6 16. Bd2 Nc7 17. Bc6 Bd7 18. Bxd7 (18. Qa4 $14 Rxb1 19. Rxb1 )Qxd7 $11 19. Qc2 Qc6 20. Rxb8 Rxb8 21. Rb1 Rb7 22. Bc3 (22. Rxb7 $14 Qxb7 23. Qa4 )Bh6 (22... Ne6 $11 )23. Qa2 (23. Rxb7 $14 Qxb7 24. Qa4 )Kf8 24. Rb3 Na6 25. Qb1 Rxb3 26. Qxb3 Nb4 27. Ne1 f5 (27... Na6 $11 )28. exf5 $1 $14 gxf5 {[#]} 29. d4 (29. g3 $1 $16 )exd4 $11 30. Bxb4 {And now Ba3 would win.} Qe4 {[#]} 31. Kf1 $1 cxb4 32. Qxb4 Bf4 {White must now prevent ...d3.} 33. Qb8+ { Double Attack} Kg7 {aiming for ...d3.} 34. Qxa7+ Kg6 {...d3 is the strong threat.} 35. Qb8 (35. f3 $14 Qe3 36. g3 )d3 {The position is equal.} 36. Qg8+ Kh6 37. Qf8+ Kg6 (37... Kh5 $5 38. Qf7+ $8 Kh6 39. Qf6+ Kh5 40. Qf7+ Kh6 41. Qf6+ Kh5 42. Qf7+ $11 )38. Qg8+ Kh6 39. Qf8+ Kg6 {( -> ...Qe2+)} (39... Kh5 $5 40. Qf7+ $8 Kh6 41. Qf6+ Kh5 42. Qf7+ Kh6 43. Qf6+ Kh5 44. Qf7+ $11 )40. Qg8+ {Weighted
Error Value: White=0.18/Black=0.17} 1/2-1/2

[Event "Airthings Masters Preliminary"]
[White "Vachier-Lagrave,Maxime"]
[Black "Nepomniachtchi,Ian"]
[Site "Online"]
[Round "4.1"]
[Annotator "TA"]
[Result "0-1"]
[Date "2020.12.23"]
[WhiteElo "2784"]
[BlackElo "2784"]
[PlyCount "138"]

1. e4 {} c5 2. Nf3 d6 3. d4 cxd4 4. Nxd4 Nf6 5. Nc3 a6 6. Bd3 e5 7. Nde2 Nc6 {
B90: Sicilian Najdorf: Unusual White 6th moves, 6 Be3 Ng4 and 6 Be3 e5.} 8. Nd5 Nxd5 9. exd5 Nb4 {The position is equal.} 10. Be4 {Strongly threatening c3.} a5 11. c3 Na6 {[#]} 12. Bc2 $146 ({Predecessor:} 12. 0-0 f5 13. Bc2 Be7 14. f4 0-0 15. Be3 e4 16. Nd4 Nc7 17. Bb3 Bf6 18. a4 {1/2-1/2 (61) Vachier Lagrave,M 
(2784)-Ding,L (2791) chess24.com INT 2020} )g6 13. h4 h5 14. Bg5 Be7 15. Qd2 Nc5 16. c4 Bd7 17. Nc3 Bxg5 18. hxg5 Qb6 19. 0-0-0 Qb4 20. Rh4 a4 (20... b5 $11 {keeps the balance.} )21. Re1 0-0 22. a3 $1 {} Nb3+ (22... Qb6 $14 )23. Bxb3 $16 Qxb3 24. Qc2 (24. c5 $1 $16 dxc5 25. Ne4 Qc4+ 26. Qc3 Qxc3+ 27. bxc3 )Qxc2+ $11 25. Kxc2 Rfc8 26. Kd2 {Black must now prevent Ne4.} Kg7 27. Rc1 Bf5 28. f3 f6 29. gxf6+ Kxf6 30. g4 hxg4 31. fxg4 Kg5 32. Rh2 Bxg4 {} (32... Kxg4 $11 33. Rg1+ Kf3 )33. Ne4+ $18 { Double
Attack} Kf4 34. Kd3 Rh8 35. Rf2+ Bf3 36. Rg1 {Threatening mate with Rg3.} (36. Nxd6 g5 $16 )Rh2 (36... Rh3 $142 37. Rxg6 Rf8 )37. Rxh2 $2 (37. Rxg6 Rxf2 38. Rf6+ (38. Nxf2 e4+ 39. Kd4 Re8 $16 )Kg4 39. Nxf2+ Kg3 40. Ke3 )Bxe4+ { Endgame KRR-KRB} 38. Kd2 Bf5 $2 {} (38... g5 $16 )39. Rf1+ $2 (39. Rh4+ $18 {is the precise move to win.} Kf3 40. Rf1+ Kg3 41. Rh7 )Kg5 $16 40. Rh7 b5 41. c5 (41. cxb5 $6 Rb8 $11 )dxc5 42. Rc7 c4 43. Rb7 Rh8 44. Rxb5 Rh3 45. Rb4 Rd3+ 46. Kc1 c3 $1 47. Rxa4 {Threatens to
win with bxc3.} cxb2+ 48. Kxb2 Rd2+ (48... e4 $1 $14 )49. Kc1 $1 {} Rxd5 50. Rg1+ $1 Kh6 51. Rc4 Rd3 (51... e4 $14 )52. a4 $18 e4 {[#]} 53. Kb2 ({
White should try} 53. Rd1 $1 $16 { And now Rxd3 would win.} Rb3 54. Kc2 )e3 $1 $14 54. Re1 {With the idea a5.} Kg5 $1 55. a5 Rd2+ 56. Kc3 Ra2 $1 57. Kb4 ({Don't play} 57. Rxe3 $6 Rxa5 58. Re8 Ra2 $16 )e2 58. Rc3 (58. Kb3 $11 Rxa5 59. Rxe2 )Kf4 $15 { Black has compensation.} 59. a6 Be4 {...Bf3 is the strong threat.} 60. a7 {[#]} Bf3 $1 61. Rc7 g5 (61... Ke3 $17 {aiming for ...g5.} 62. Rg7 Kf2 63. Rxe2+ Kxe2 64. Rxg6 Rxa7 )62. Kb5 $2 {} (62. Re7 $11 )Kg3 $19 63. Re7 Kf2 64. Rb1 g4 65. Kb6 g3 {Black mates.} 66. Re8 g2 67. Rf8 Ra3 68. Rc1 e1=Q {} 69. Rxf3+ Rxf3 {What a fight!  Weighted Error Value: White=0.30/Black=0.26} ({
Weaker is} 69... Kxf3 70. Rxe1 Ra4 71. Kb7 $11 )0-1

[Event "Airthings Masters Preliminary"]
[White "Aronian,Levon"]
[Black "Nakamura,Hikaru"]
[Site "Online"]
[Round "4.2"]
[Annotator "TA"]
[Result "1/2-1/2"]
[Date "2020.12.23"]
[WhiteElo "2781"]
[BlackElo "2736"]
[PlyCount "69"]

1. e4 {} e5 2. Nf3 Nc6 3. Bb5 a6 (3... Nf6 4. 0-0 Nxe4 5. Re1 Nd6 6. Nxe5 Be7 7. Bf1 Nxe5 8. Rxe5 0-0 9. d4 Ne8 10. Re1 d5 11. Bf4 Bd6 12. Bxd6 Nxd6 13. Bd3 Bf5 14. Bxf5 Nxf5 15. c3 Re8 16. Nd2 c6 17. Rxe8+ Qxe8 18. Nf3 f6 19. Qc2 {1/2-1/2 (33) Aronian,
L (2781)-Nakamura,H (2736) chess24.com INT 2020} )4. Ba4 g6 5. c3 Bg7 6. d4 {
C70: Ruy Lopez: 3...a6 4 Ba4, Norwegian and Delayed Schliemann.} b5 7. Bc2 {
seems to push 7.Bb3 aside.} exd4 8. cxd4 {White is slightly better.} d5 9. exd5 Nce7 10. Nc3 Nf6 11. Bg5 0-0 12. 0-0 Nexd5 {[#]} 13. a4 $146 ({Predecessor:} 13. Be4 Be6 14. Ne5 Rc8 15. Qf3 c6 16. Rac1 Qd6 17. Nxd5 Nxd5 18. Bh4 Nb4 19. Qa3 Qxd4 20. Nxc6 Nxc6 {0-1 (20) Shirov,A (2662)-Nakamura,H (2736) Chess.com
INT 2020} )Bb7 14. axb5 Nxc3 15. bxc3 axb5 16. Rb1 Ra3 17. Rb3 Qa8 18. Re1 ({Much weaker is} 18. Rxb5 Ba6 $17 )Bd5 19. Rxa3 Qxa3 20. Qd2 Bxf3 21. gxf3 Nd5 22. Rb1 Qxc3 23. Be4 c6 {The position is equal.} (23... Qxd2 {
seems wilder.} 24. Bxd2 Ne7 25. Rxb5 Bxd4 26. Bf4 c6 )24. Bxd5 Qxd2 25. Bxd2 cxd5 26. Rxb5 Bxd4 27. Rxd5 $11 { Endgame KRB-KRB} Bf6 28. Bg5 Bxg5 29. Rxg5 {KR-KR} Ra8 30. Rd5 Rf8 31. Kg2 Ra8 32. Rd4 Rf8 33. Rd5 Ra8 34. Rd4 Rf8 35. Rd5 {Weighted Error Value: White=0.06/Black=0.04} 1/2-1/2

[Event "Airthings Masters Preliminary"]
[White "So,Wesley"]
[Black "Grischuk,Alexander"]
[Site "Online"]
[Round "4.3"]
[Annotator "TA"]
[Result "1/2-1/2"]
[Date "2020.12.23"]
[WhiteElo "2770"]
[BlackElo "2777"]
[PlyCount "75"]

1. e4 {} e5 2. Nf3 Nf6 3. Nxe5 d6 4. Nf3 Nxe4 5. d4 d5 6. Bd3 Bd6 7. 0-0 0-0 8. c4 c6 9. Nc3 Nxc3 10. bxc3 dxc4 11. Bxc4 Bf5 12. Bg5 {C42: Petroff Defence: 3 Nxe5 and
unusual White 3rd moves.} Qa5 13. Nh4 Be6 14. Bxe6 {[#] Bf5 is the strong
threat.} Qxg5 15. Nf3 Qa5 16. Bb3 Nd7 17. Qd3 Nf6 18. Rfe1 Rae8 {The position
is equal.} 19. g3 g6 {[#]} 20. h4 $146 ({Predecessor:} 20. Kg2 Kg7 21. h4 h6 22. Nd2 Qd8 23. Qf3 Bc7 24. Rxe8 Qxe8 25. Rb1 Qe7 26. Bd1 {1/2-1/2 (41)
Ochsner,B (2491)-Papp,G (2589) Denmark 2020} )Kg7 21. Ng5 Qd8 22. Kg2 h6 23. Ne4 Nxe4 24. Rxe4 Rxe4 25. Qxe4 Re8 26. Qf3 Qf6 27. Qxf6+ Kxf6 $11 {
 Endgame KRB-KRB} 28. Kf1 h5 29. Re1 Rxe1+ 30. Kxe1 {KB-KB} c5 31. dxc5 Bxc5 32. a4 a5 33. Ke2 b6 34. Bc4 Bd6 35. Bb5 Bc5 36. Bc4 Bd6 37. Bb5 Bc5 38. Bc4 {An uneventful encounter.  Weighted Error Value: White=0.02/Black=0.01} 1/2-1/2

[Event "Airthings Masters Preliminary"]
[White "Radjabov,Teimour"]
[Black "Giri,Anish"]
[Site "Online"]
[Round "4.4"]
[Annotator "TA"]
[Result "1/2-1/2"]
[Date "2020.12.23"]
[WhiteElo "2765"]
[BlackElo "2764"]
[PlyCount "72"]

1. d4 {} Nf6 2. c4 e6 3. Nf3 d5 4. Nc3 Bb4 5. Bg5 h6 6. Bxf6 Qxf6 7. Qa4+ (7. e3 0-0 8. Rc1 dxc4 9. Bxc4 c5 10. 0-0 cxd4 11. Nxd4 Bd7 12. Ne4 Qe7 13. a3 Ba5 14. Nf3 Bc6 15. Qc2 Nd7 16. Nd4 Bxe4 17. Qxe4 Nf6 18. Qb1 Rfd8 19. Rfd1 Bb6 20. Nf3 Rxd1+ 21. Rxd1 Rd8 22. g3 Rxd1+ 23. Qxd1 {1/2-1/2 (40) Radjabov,T (2765)
-Giri,A (2764) chess24.com INT 2020} )Nc6 8. e3 0-0 {D38: Queen's Gambit
Declined: Ragozin Defence (4 Nf3 Bb4).} 9. Be2 dxc4 10. 0-0 Bd7 11. Bxc4 Bxc3 12. bxc3 Rfd8 {Black wants to play ...Nxd4.} 13. Qa3 Qe7 14. Qb2 Na5 15. Be2 c5 16. Ne5 {[#]} Be8 $146 ({Predecessor:} 16... Rac8 17. Nxd7 Rxd7 18. Rfd1 cxd4 19. cxd4 Rdc7 20. Rac1 Nc4 21. Qb3 Nd6 22. Rxc7 Qxc7 {1/2-1/2 (102) Sjugirov,S
(2657)-Dominguez Perez,L (2762) Budva 2019} )17. Rfd1 Rac8 18. h3 Rc7 19. Bf1 cxd4 (19... b6 {seems wilder.} 20. Rdc1 Kh8 21. Bd3 Nc6 22. Nf3 e5 )20. cxd4 Rdc8 21. Rac1 Rxc1 22. Rxc1 Rxc1 23. Qxc1 Nc6 24. Nd3 Qd6 25. Qc3 b6 26. Be2 Ne7 27. Ne5 f6 28. Nd3 Kf8 29. Nf4 Bd7 30. Qc2 {[#] Threatens to win with Qh7.} e5 31. dxe5 fxe5 32. Nd3 Bf5 33. Qc3 Nc6 34. a3 Bg6 35. Nb4 Ne7 36. Nd3 Nc6 {
Not much happened in this game.  Weighted Error Value: White=0.05/Black=0.04} 1/2-1/2

[Event "Airthings Masters Preliminary"]
[White "Harikrishna,Pentala"]
[Black "Carlsen,Magnus"]
[Site "Online"]
[Round "4.5"]
[Annotator "TA"]
[Result "1/2-1/2"]
[Date "2020.12.23"]
[WhiteElo "2732"]
[BlackElo "2862"]
[PlyCount "48"]

1. e4 {} c5 2. Nf3 Nc6 3. d4 cxd4 4. Nxd4 Nf6 5. Nc3 e5 6. Ndb5 d6 7. Bg5 a6 8. Na3 b5 9. Nd5 Be7 10. Bxf6 Bxf6 11. c4 b4 12. Nc2 a5 13. g3 {B33: Sicilian:
Pelikan and Sveshnikov Variations.} g6 14. Nxf6+ Qxf6 15. Bg2 0-0 16. 0-0 Qe7 $5 { Leaves trodden paths.} (16... Bb7 17. Qd2 Nb8 18. Rfd1 Ra6 19. Qe3 Nd7 20. a3 Rb6 21. axb4 axb4 22. Ra4 b3 23. Ne1 Nc5 24. Ra3 Ra6 25. Rxa6 Bxa6 {
0-1 (85) Harikrishna,P (2719)-Carlsen,M (2863) chess24.com INT 2020} )17. b3 Be6 18. Qd2 {[#]} f6 $146 ({Predecessor:} 18... Rfd8 19. Rad1 f6 20. h4 Kg7 21. Kh2 h6 22. Bh3 Bxh3 23. Kxh3 f5 24. exf5 gxf5 {1/2-1/2 (35) Grigoriants,S 
(2541)-Lenic,L (2645) chess.com INT 2019} )19. Rfd1 Rfd8 20. Qe3 Qa7 {The
position is equal.} 21. Qh6 Qg7 22. Qe3 Qa7 23. Qh6 Qg7 24. Qe3 Qa7 {Weighted
Error Value: White=0.06/Black=0.06} 1/2-1/2

[Event "Airthings Masters Preliminary"]
[White "Dubov,Daniil"]
[Black "Anton Guijarro,David"]
[Site "Online"]
[Round "4.6"]
[Annotator "TA"]
[Result "1-0"]
[Date "2020.12.23"]
[WhiteElo "2699"]
[BlackElo "2675"]
[PlyCount "87"]

1. d4 {} Nf6 2. c4 e6 3. Nf3 d5 4. g3 dxc4 5. Bg2 c6 6. 0-0 b5 7. Ne5 Bb7 8. Nc3 a6 {
E04: Open Catalan: 5 Nf3.} 9. b3 {9.b3 is better than 9.a4.} cxb3 10. axb3 Be7 {The position is equal.} 11. Bb2 0-0 12. Ne4 Nxe4 13. Bxe4 a5 14. Qc2 h6 {[#]} 15. Rfc1 $146 ({Predecessor:} 15. Rfd1 Bb4 16. Rdc1 Bd6 17. Qc3 Qc7 18. Nd3 b4 19. Qd2 Nd7 20. Qe3 Be7 21. h4 {1/2-1/2 (50) Ingersol,H (2427)-Quinones Borda,
J (2204) ICCF email 2015} )Bf6 16. Ng4 Bg5 (16... Bxd4 $2 17. Rd1 $18 )17. f4 f5 {Hoping for ...Be7.} 18. d5 fxe4 19. dxe6 Bf6 (19... Qb6+ $6 20. e3 $16 )(19... h5 $11 )20. Nxf6+ $2 (20. Bxf6 $1 $18 Rxf6 21. Qxe4 (21. Nxf6+ Qxf6 22. Qxe4 Na6 $14 ))gxf6 $14 21. Qxe4 Qe7 22. f5 Na6 {Black is on the
road to losing.} 23. Rxa5 h5 (23... Qg7 $16 {was necessary.} )24. Qf3 $18 {
 White has strong compensation.} Qh7 25. Rd1 $1 {} Rad8 26. Raa1 {Rxd8 is the strong threat.} Qh6 (26... Rxd1+ $16 27. Rxd1 Bc8 28. Qxc6 Qc7 )27. Kf2 {Strongly threatening e7.} Rd5 $2 (27... Qg7 {was worth a
try.} 28. Qxh5 Rd5 )28. Rxd5 cxd5 {[#]} 29. Ra5 $2 ({White has to play} 29. Rxa6 $1 $18 {} Bxa6 30. Qxd5 )d4 $2 {} 30. Qxb7 {
 Double Attack} Qe3+ 31. Kf1 d3 32. Qf3 ({Not} 32. Rxa6 $2 Qxe2+ 33. Kg1 d2 $19 )(32. Qxa6 {leads to mate.} dxe2+ 33. Ke1 Rd8 34. Qd6 Rxd6 35. Bd4 Rxd4 36. Ra8+ Kh7 37. Ra7+ Kh6 38. Rd7 Qd2+ 39. Kf2 e1=Q+ 40. Kf3 Qh1# )Qd2 33. Rxa6 Qxb2 34. Qxd3 { Endgame KQR-KQR. White mates.} Rc8 35. e7 Re8 36. Re6 Kf7 37. Qf3 Qc1+ 38. Kg2 Qh6 39. Qd5 Kg7 40. Qxb5 Kf7 41. Qc4 Rxe7 42. Re4+ Ke8 43. Qg8+ Kd7 44. Rd4+ {Weighted Error Value: White=0.28/
Black=0.63} 1-0

[Event "Airthings Masters Preliminary"]
[White "Anton Guijarro,David"]
[Black "Vachier-Lagrave,Maxime"]
[Site "Online"]
[Round "5.1"]
[Annotator "TA"]
[Result "1/2-1/2"]
[Date "2020.12.23"]
[WhiteElo "2675"]
[BlackElo "2784"]
[PlyCount "167"]

1. e4 {} c5 2. Nf3 d6 3. Bb5+ Nd7 4. c3 Ngf6 5. Bd3 g6 6. 0-0 {
B51: Sicilian: Moscow Variation (3 Bb5+) without 3...Bd7.} Bg7 7. Re1 0-0 8. Bf1 {White has an edge.} e5 9. d4 exd4 10. cxd4 cxd4 11. Nxd4 Nc5 12. Nc3 Re8 {
 [#]} 13. f3 $146 ({Predecessor:} 13. Bg5 h6 14. Bxf6 Bxf6 15. Ndb5 Be5 16. Nd5 Ne6 17. Rc1 Rf8 18. Qd2 g5 19. g3 {1-0 (31) Colandrea,S (1886)
-Ninov,N (2546) Pierrevert 2007} )a6 14. Bg5 h6 15. Bh4 b5 16. a3 Bb7 17. Rc1 Rc8 18. Bf2 Ncd7 19. Qd2 Ne5 20. Rcd1 Re7 (20... Qc7 $11 {remains equal.} )21. Nc2 $16 Rd7 {White should prevent ...d5.} 22. Nb4 Nc4 23. Bxc4 Rxc4 24. Qe2 Qe8 25. Rd2 Qe6 26. Red1 Rc8 27. Bd4 Re8 28. Qf2 h5 29. Nbd5 (29. Rd3 {looks
sharper.} Rc8 30. h3 Kh7 31. Qd2 Qe7 32. Qe3 )Nxd5 30. Bxg7 ({But not} 30. Nxd5 Bxd5 31. exd5 Qf5 $11 )Kxg7 31. Nxd5 Bxd5 32. Rxd5 Qf6 33. Qd4 Qxd4+ 34. R5xd4 { Endgame KRR-KRR} Rc8 35. h4 Rc2 36. Rxd6 Rxd6 37. Rxd6 {Hoping for b4. KR-KR} a5 38. b3 Rc3 39. Ra6 Rxb3 40. Rxa5 b4 41. axb4 Rxb4 42. Kf2 Rb2+ 43. Kg3 Rc2 44. Ra1 Rb2 45. Rf1 Kf6 46. Rf2 Rb1 {[#]} 47. Kf4 $1 Ra1 48. Rb2 Ra6 49. Rb5 Ra2 50. Rb6+ Kg7 51. g3 Rf2 52. Rb7 Rf1 53. Re7 Kf6 54. Ra7 (54. Rc7 {feels hotter.} Ke6 55. Rc5 Rb1 56. Rd5 Kf6 57. Rd3 )Kg7 55. e5 Re1 56. Ra4 Rb1 57. Re4 Rb3 58. e6 fxe6 59. Rxe6 Rb4+ 60. Re4 Rb3 61. Rd4 (61. Re8 {is more complex.} Rb4+ 62. Ke3 Rb3+ 63. Kf2 Kf6 64. Re2 )Rb5 62. Ke4 Kf6 63. Rd6+ Kg7 64. Rd5 Rb3 65. Kf4 Kh6 66. Rd6 Rb4+ 67. Ke5 Rb3 68. Ke4 Rb4+ 69. Rd4 Rb7 70. f4 Re7+ 71. Kf3 Kg7 72. Rd5 Ra7 73. f5 gxf5 {
The position is equal.} 74. Kf4 Ra4+ 75. Kxf5 Rg4 76. Rd7+ Kg8 77. Rd3 Kg7 78. Rc3 $1 Kg8 79. Kf6 Kh7 80. Re3 Rg6+ 81. Kf5 Rg4 82. Kf6 Rg6+ 83. Kf5 Rg4 84. Kf6 {Weighted Error Value: White=0.06/Black=0.06} 1/2-1/2

[Event "Airthings Masters Preliminary"]
[White "Carlsen,Magnus"]
[Black "Dubov,Daniil"]
[Site "Online"]
[Round "5.2"]
[Annotator "TA"]
[Result "1-0"]
[Date "2020.12.23"]
[WhiteElo "2862"]
[BlackElo "2699"]
[PlyCount "115"]

1. e4 {} c5 2. Nf3 Nc6 3. Bb5 g6 4. 0-0 Bg7 5. Bxc6 bxc6 6. Re1 Nh6 7. c3 0-0 8. d4 cxd4 9. cxd4 d5 10. e5 {B31: Sicilian: 2...Nc6 3 Bb5 g6.} f6 11. h3 {Recently 11.e6 got a lot of attention.} fxe5 12. dxe5 $5 { [#] The
position is equal. An interesting side line.} c5 $146 ({Predecessor:} 12... Nf7 13. Nc3 Be6 14. Na4 Bf5 15. Nc5 Qb6 16. Qd4 Nd6 17. Bg5 Nb5 18. Qe3 Rae8 {
1/2-1/2 (51) Garifullina,L (2132)-Buksa,N (2410) St Petersburg 2018} )13. b4 cxb4 14. a3 d4 15. axb4 Bb7 16. Nbd2 a5 17. Rxa5 Rxa5 18. bxa5 Qxa5 19. Nxd4 Nf5 20. N4f3 Qd5 21. Bb2 Bh6 22. e6 Rd8 {} 23. Qe2 Qd3 24. Qxd3 Rxd3 25. Ne4 {Black should prevent Nc5.} Bxe4 26. Rxe4 Bg7 27. Be5 (27. Bxg7 {
seems wilder.} Kxg7 28. Rf4 h6 29. Kh2 Rd5 30. h4 )Bxe5 28. Nxe5 $11 {
 Endgame KRN-KRN} Rd1+ 29. Kh2 Kg7 30. g4 Nd6 31. Re3 g5 32. Kg2 h6 33. Nc6 Kf6 34. Rf3+ Kxe6 35. Re3+ Kf6 36. Nxe7 Nc4 37. Re4 (37. Re2 {looks
sharper.} Rd3 38. Nc6 Rd6 39. Nb4 Ne5 40. Ra2 )Nd6 38. Re2 Rd3 39. Nc6 Nf7 40. Re3 Rd7 41. Ra3 Nh8 42. Nb8 Rb7 43. Ra6+ Kg7 $1 44. Nc6 {Threatening
Nd4.} Ng6 45. Nd4 {White wants to play Nf5+.} Nh4+ 46. Kg3 Rb1 (46... Rb4 $1 $11 47. Nc2 Rc4 48. Ra7+ Kg8 49. Ra8+ Kg7 )47. f4 $16 {aiming for Ne6+.} Rg1+ 48. Kf2 Rg2+ 49. Kf1 {And now Nf5+ would win.} Rd2 50. Ne6+ Kf7 (50... Kh8 $16 {was necessary.} 51. f5 (51. fxg5 Nf3 $16 )Nf3 )51. fxg5 $18 Nf3 $2 (51... hxg5 52. Nxg5+ Kg7 )52. g6+ $1 {White is clearly winning.} ({Not} 52. gxh6 Nh2+ 53. Kg1 Nf3+ 54. Kf1 Nh2+ 55. Kg1 Nf3+ 56. Kf1 $11 )Ke7 {[#]} 53. Ra3 $1 {Black must now prevent g7.} Nh2+ (53... Rd1+ 54. Ke2 )54. Ke1 Rd6 55. Nf4 Kf6 56. Ke2 Rd7 57. Ra6+ Ke5 58. Nh5 {Weighted Error Value: White=0.06/
Black=0.13} 1-0